Sports Quiz

Random Sports or Olympics Quiz

Name The British Athletes? (London 2012) Quiz Stats

 Plays Quiz not verified by Sporcle

Challenge
Share
Tweet
Embed
Score 0/46 Timer 08:00
0 Plays Today
Hint Answer % Correct
First Tour de France WinnerBradley Wiggins
68.8%
Boxing, Women's, First Ever MedalNicola Adams
62.5%
Rower, first gold medalHeather Stanning
56.3%
Team Sprint, CyclingJason Kenny
56.3%
5,000m, 10,000m, Super SaturdayMo Farah
56.3%
Heptathlete, Super SaturdayJessica Ennis-Hill
56.3%
Rower, first gold medalHelen Glover
50%
Women's Team Pursuit, CyclingLaura Trott
50%
Omnium, KissLaura Trott
50%
Long Jump, Super SaturdayGreg Rutherford
50%
Tennis, Roger Federer, WimbledonAndy Murray
50%
Taekwondo, Women'sJade Jones
43.8%
Team Sprint, CyclingSir Chris Hoy
37.5%
Keirin, Women, Sprint Beijing 2008Victoria Pendleton
37.5%
Women's Team Pursuit, CyclingJoanna Rowsell
37.5%
Sailor, 5 Time OlympianBen Ainslie
37.5%
Twin, Triathlon, YorkshireAlistair Brownlee
37.5%
Team Pursuit, CyclingEd Clancy
31.3%
Keirin, Men's, Most Decorated OlympianSir Chris Hoy
31.3%
Rower, 3 Silver, 1 GoldKatherine Grainger
25%
Women's Team Pursuit, CyclingDani King
25%
Team DressageCharlotte Dujardin
25%
Individual DressageCharlotte Dujardin
25%
Hint Answer % Correct
Boxing, Super-heavyweightAnthony Joshua
25%
Team Pursuit, CyclingGeraint Thomas
18.8%
Double Trap ShootingPeter Wilson
12.5%
Team Show JumpingNick Skelton
12.5%
Boxing, Bantamweight, Men'sLuke Campbell
12.5%
C-2 Category Canoe SlalomTim Baillie
6.3%
C-2 Category Canoe SlalomEtienne Stott
6.3%
Team Sprint, CyclingPhilip Hindes
6.3%
Team Pursuit, CyclingPeter Kennaugh
6.3%
Rower, Lightweight Double ScullsKatherine Copeland
6.3%
Rower, Lightweight Double ScullsSophie Hosking
6.3%
Men's Four, RowerAndrew Triggs Hodge
6.3%
Men's Four, RowerAlex Gregory
6.3%
Team Show JumpingBen Maher
6.3%
Team Show JumpingPeter Charles
6.3%
Team Show JumpingScott Brash
6.3%
Team DressageCarl Hester
6.3%
Women's Double ScullsAnna Watkins
0%
Team Pursuit, CyclingSteven Burke
0%
Men's Four, RowerPeter Reed
0%
Men's Four, RowerTom James
0%
Team DressageLaura Bechtolsheimer
0%
K-1 200m Canoe SprintEd McKeever
0%

You're not logged in!

Compare scores with friends on all Sporcle quizzes.
Join for Free
OR
Log In

You Might Also Like...

Show Comments

Extras

Top Quizzes Today


Score Distribution

Your Account Isn't Verified!

In order to create a playlist on Sporcle, you need to verify the email address you used during registration. Go to your Sporcle Settings to finish the process.

Report this User

Report this user for behavior that violates our Community Guidelines.

Details: